| 000 -LEADER |
| fixed length control field |
01563cam a2200373 i 4500 |
| 001 - CONTROL NUMBER |
| control field |
18943755 |
| 003 - CONTROL NUMBER IDENTIFIER |
| control field |
NUST |
| 005 - DATE AND TIME OF LATEST TRANSACTION |
| control field |
20221027155252.0 |
| 008 - FIXED-LENGTH DATA ELEMENTS--GENERAL INFORMATION |
| fixed length control field |
151224s2015 ii a 000 0 eng d |
| 010 ## - LIBRARY OF CONGRESS CONTROL NUMBER |
| LC control number |
2015357462 |
| 020 ## - INTERNATIONAL STANDARD BOOK NUMBER |
| International Standard Book Number |
9789351776895 (hardback) |
| 020 ## - INTERNATIONAL STANDARD BOOK NUMBER |
| International Standard Book Number |
9351776891 (hardback) |
| 020 ## - INTERNATIONAL STANDARD BOOK NUMBER |
| Canceled/invalid ISBN |
9789351776901 (E-ISBN) |
| 025 ## - OVERSEAS ACQUISITION NUMBER |
| Overseas acquisition number |
I-E-2015357462 |
| 035 ## - SYSTEM CONTROL NUMBER |
| System control number |
(OCoLC)ocn933430784 |
| 035 ## - SYSTEM CONTROL NUMBER |
| System control number |
(OCoLC)933430784 |
| 037 ## - SOURCE OF ACQUISITION |
| Source of stock number/acquisition |
Library of Congress -- New Delhi Overseas Office |
| 040 ## - CATALOGING SOURCE |
| Original cataloging agency |
DKAGE |
| Language of cataloging |
eng |
| Description conventions |
rda |
| Transcribing agency |
DKAGE |
| Modifying agency |
DLC |
| 042 ## - AUTHENTICATION CODE |
| Authentication code |
lccopycat |
| -- |
lcode |
| 043 ## - GEOGRAPHIC AREA CODE |
| Geographic area code |
a-ii--- |
| 050 00 - LIBRARY OF CONGRESS CALL NUMBER |
| Classification number |
QB498.2.I4 |
| Item number |
F76 2015 |
| 082 04 - DEWEY DECIMAL CLASSIFICATION NUMBER |
| Classification number |
500.50954,FRO |
| Edition number |
23 |
| 245 00 - TITLE STATEMENT |
| Title |
From fishing hamlet to red planet : |
| Remainder of title |
India's space journey / |
| Statement of responsibility, etc. |
chief editor, P.V. Manoranjan Rao ; associate editors, B.N. Suresh, V.P. Balagangadharan. |
| 264 #1 - PRODUCTION, PUBLICATION, DISTRIBUTION, MANUFACTURE, AND COPYRIGHT NOTICE |
| Place of production, publication, distribution, manufacture |
Noida, Uttar Pradesh, India : |
| Name of producer, publisher, distributor, manufacturer |
HarperCollins Publishers India, |
| Date of production, publication, distribution, manufacture, or copyright notice |
2015. |
| 300 ## - PHYSICAL DESCRIPTION |
| Extent |
xlv, 689 pages : |
| Other physical details |
illustrations (black and white) ; |
| Dimensions |
25 cm |
| 337 ## - MEDIA TYPE |
| Media type code |
n |
| 505 ## - FORMATTED CONTENTS NOTE |
| Formatted contents note |
Part-1: The Beginnings (Page-3), Part-2: Rockets (Page-69), Part-3: Satellites (Page-257), Part-4: On the Ground (Page-365), Part-5: Applications (Page-417), Part-6: ISRO and Industry (Page-503), Part-7: International Relations (Page-525). |
| 610 20 - SUBJECT ADDED ENTRY--CORPORATE NAME |
| Corporate name or jurisdiction name as entry element |
Indian Space Research Organisation. |
| 9 (RLIN) |
101560 |
| 650 #0 - SUBJECT ADDED ENTRY--TOPICAL TERM |
| Topical term or geographic name entry element |
Space sciences |
| Geographic subdivision |
India. |
| 9 (RLIN) |
101561 |
| 700 1# - ADDED ENTRY--PERSONAL NAME |
| Personal name |
Manoranjan Rao, P. V., |
| Relator term |
editor. |
| 9 (RLIN) |
101562 |
| 906 ## - LOCAL DATA ELEMENT F, LDF (RLIN) |
| a |
7 |
| b |
cbc |
| c |
copycat |
| d |
3 |
| e |
ncip |
| f |
20 |
| g |
y-gencatlg |
| 942 ## - ADDED ENTRY ELEMENTS (KOHA) |
| Source of classification or shelving scheme |
|
| Koha item type |
Book |
| Call number prefix |
500.50954,FRO |